|
|
|
|
| LEADER |
00000nab a2200000uu 4500 |
| 001 |
vtls011457098 |
| 003 |
SK-MaSNL |
| 005 |
20260303154015.0 |
| 008 |
230222|1974 xo |||||||||||||||||slo| |
| 015 |
|
|
|a SNBRB
|
| 035 |
|
|
|a (urnnbn)urn:nbn:sk:snk:ar-a09shf
|
| 035 |
|
|
|a (uuid)f558f371-0b7b-4e51-8de4-5172edcca8ca
|
| 035 |
|
|
|a urn:nbn:sk:snk-abcrrl
|
| 040 |
|
|
|a SNKBUCL
|b slo
|c SNKBUCL
|e AACR2
|
| 041 |
0 |
|
|a slo
|
| 044 |
|
|
|a xo
|c SK
|
| 100 |
1 |
|
|a Benča, Š.
|4 aut
|9 784798
|
| 245 |
1 |
0 |
|a Koeficienty koncentrácie napätia na obryse ľubovoľne položeného drážkového otvoru v zaťaženej doske (stene)
|c Š. Benča
|
| 773 |
0 |
|
|t Strojnícky časopis
|g Roč. 25, č. 1 (1974), s. 38-44
|
| 954 |
|
|
|a odborná, vedecká literatúra pôvodná (slovenská)
|2 lita
|
| 958 |
|
|
|a OND
|
| 958 |
|
|
|a EUIPO
|
| 958 |
|
|
|a article16
|
| 999 |
|
|
|c 2031321
|d 2033251
|